ბათუმის შოთა რუსთაველის სახელმწიფო უნივერსიტეტის ბიბლიოთეკა

Funktionales Sehen : (ბიბ.ჩანაწერი № 57924)

000 -LEADER
fixed length control field 00876nam a22002057a 4500
005 - DATE AND TIME OF LATEST TRANSACTION
control field 20210331173614.0
008 - FIXED-LENGTH DATA ELEMENTS--GENERAL INFORMATION
fixed length control field 210331s2016 enk||||| |||| 00| 0 eng d
020 ## - INTERNATIONAL STANDARD BOOK NUMBER
International Standard Book Number 9783934471009
041 ## - LANGUAGE CODE
Language code of text/sound track or separate title eng
080 ## - UNIVERSAL DECIMAL CLASSIFICATION NUMBER
Universal Decimal Classification number 37.014.3 H-55
100 ## - MAIN ENTRY--PERSONAL NAME
Personal name Henriksen, Anne
9 (RLIN) 10970
245 ## - TITLE STATEMENT
Title Funktionales Sehen :
Remainder of title Diagnostik und Interventionen bei Beeinträchtigungen des Sehens /
Statement of responsibility, etc. Anne Henriksen , Frank Laemers.
264 ## - PRODUCTION, PUBLICATION, DISTRIBUTION, MANUFACTURE, AND COPYRIGHT NOTICE
Place of production, publication, distribution, manufacture Wurzburg:
Name of producer, publisher, distributor, manufacturer edition bentheim,
Date of production, publication, distribution, manufacture, or copyright notice 2016.
300 ## - PHYSICAL DESCRIPTION
Extent 281 p. ;
Other physical details ill. ,
Dimensions 25 cm.
653 ## - INDEX TERM--UNCONTROLLED
keyword ფუნქციური ხედვა
653 ## - INDEX TERM--UNCONTROLLED
keyword მხედველობის დიაგნოსტიკა
653 ## - INDEX TERM--UNCONTROLLED
keyword დიაგნოზირება და ჩარევა მხედველობის დაქვეითების დროს
700 ## - ADDED ENTRY--PERSONAL NAME
Personal name Laemers, Frank
Relator term ავტორი
9 (RLIN) 10971
942 ## - ADDED ENTRY ELEMENTS (KOHA)
Source of classification or shelving scheme
Koha item type წიგნი
ეგზემპლარები
Withdrawn status Lost status Source of classification or shelving scheme Damaged status Not for loan Permanent Location Current Location Shelving location Date acquired Cost, normal purchase price Full call number Barcode Date last seen Copy number Price effective from Koha item type Public note
          ბათუმის შოთა რუსთაველის სახელმწიფო უნივერსიტეტის მთავარი ბიბლიოთეკა ბათუმის შოთა რუსთაველის სახელმწიფო უნივერსიტეტის მთავარი ბიბლიოთეკა წიგნსაცავი 2021-03-31 217.00 37.014.3 H-55 61276 2021-03-31 61276 2021-03-31 წიგნი 217 ლ.